| 000 | 00898cam a2200325 i 4500 | ||
|---|---|---|---|
| 001 | 0000798 | ||
| 003 | DO-SdBNP | ||
| 005 | 20180212132609.0 | ||
| 007 | 0000798 | ||
| 008 | 100514s 1999 mx a | |||| 000 f spa | ||
| 015 | _a | ||
| 017 |
_a _b |
||
| 020 | _a9681902769 | ||
| 035 | _a | ||
| 040 |
_aBPMSU _bspa _cBPMSU _e |
||
| 080 | _a | ||
| 100 | 1 |
_aPettersson, Aline _d1938- |
|
| 245 | 1 | 0 |
_aOntario, la mariposa viajera / _h _cAline Pettersson ; ilustraciones Rosario Valderrama |
| 250 | _a4a. reimpr. | ||
| 260 |
_aMéxico : _bAlfaguara, _c1999. |
||
| 300 |
_a71 p.: _bil. _c20 m |
||
| 490 | 1 | _aAlfaguara infantil | |
| 500 | _aIncluye datos biográficos de la autora. | ||
| 521 | _aA partir de 8 años. | ||
| 700 | 1 | 2 |
_aValderrama, Rosario _eil. |
| 830 | 0 | _aAlfaguara infantil | |
| 942 |
_2ddc _cBK |
||
| 945 | _ainventariado, 2018 / dg | ||
| 956 |
_aYLOCKWARD _810 _cBPMSU |
||
| 999 |
_c11869 _d11869 |
||